000 01224cam a2200325 i 4500
001 17607135
003 OSt
005 20180116192425.0
008 130130s2014 enkab b 001 0 eng
010 _a 2013003823
020 _a9780415840804 (hb : alk. paper)
020 _a9780415840811 (pb : alk. paper)
020 _z9780203796658 (ebook)
040 _aDLC
_beng
_cDLC
_erda
_dDLC
042 _apcc
043 _an-us---
050 0 0 _aNA2540
_b.M66 2014
082 0 0 _a720.1
_223
100 1 _aMoore, Steven A.,
_d1945-
_eauthor.
_97983
245 1 0 _aQuestioning architectural judgment :
_bthe problem of codes in the United States /
_cSteven A. Moore and Barbara B. Wilson.
250 _aFirst edition.
300 _axiii, 280 pages :
_billustrations, maps ;
_c26 cm
504 _aIncludes bibliographical references (pages 254-275) and index.
650 0 _aArchitecture
_xEvaluation.
_97984
650 0 _aBuilding laws
_zUnited States.
_97985
700 1 _aWilson, Barbara B.
_q(Barbara Brown),
_eauthor.
_97986
906 _a7
_bcbc
_corignew
_d1
_eecip
_f20
_gy-gencatlg
942 _2ddc
_cBK
999 _c354055
_d354055